Statistics for Overwatch 2 Lore - General Knowledge

Click here to take the quiz!

General Stats

  • This quiz has been taken 332 times
  • The average score is 15 of 22

Answer Stats

HintAnswer% Correct
D.va's real nameHana Song
84%
Who is the monarch of Junkertown?Junker Queen
84%
What is Soldier 24 called now?Reaper
82%
Who is the strongest woman alive?Zarya
82%
Who is Brigitte's godfather?Reinhardt
81%
Who used to train with the japanese brothers?Kiriko
78%
Who is genji's master?Zenyatta
78%
What sport did Lucio play in his youth?Hockey and Football
73%
Where does winston come from?The moon
73%
Who is the leader of Talon?Doomfist
72%
Where did Cassidy reunite with Echo?Route 66
71%
What clan was Hanzo and Genji a apart of?Shimada
71%
Who does Zenyatta call brother?Ramattra
68%
Which gang is Ashe apart of?Deadlock
67%
Who was Soldier 24?Gabriel Reyes
66%
Where is Baptiste from?Haiti
55%
Who is the oldest character in Overwatch?Sigma
53%
Who created Orisa?Efi Oladele
52%
What disability does Symmetra have?Autism
51%
What is Mei's old research station called?Ecopoint: Antarctica
49%
What is bastions bird called?Ganymede
45%
How old is orisa?1 month
28%

Score Distribution

Percentile by Number Answered

Percent of People with Each Score

Your Score History

You have not taken this quiz